[Event "ch-Commonwealth"]
[Site "Mumbai IND"]
[Date "2004.01.10"]
[Round "1"]
[White "Short,N"]
[Black "Girinath,P"]
[Result "1-0"]
[WhiteElo "2702"]
[BlackElo "2368"]
[EventDate "2004.01.10"]

1. e4 e6 2. d4 d5 3. Nc3 Bb4 4. e5 Qd7 5. Bd2 b6 6. Bb5 c6 7. Ba4 Ba6 8.
Nce2 Bf8 9. h4 Ne7 10. h5 h6 11. c3 Bd3 12. Nf4 Bh7 13. Nf3 a5 14. O-O Na6
15. Rc1 Nc7 16. Qe2 b5 17. Bc2 Bxc2 18. Rxc2 Nc8 19. Nd3 Na6 20. Be3 Nb6
21. b3 Be7 22. Nh2 Rc8 23. Qg4 Rh7 24. Nc5 Nxc5 25. dxc5 Na8 26. Nf3 Kf8
27. a3 Kg8 28. b4 Nc7 29. Nd4 Kh8 30. f4 f5 31. Qg6 Rf8 32. g4 fxg4 33. Rg2
axb4 34. axb4 Ra8 35. Rxg4 Ra3 36. f5 exf5 37. Rxf5 Rxc3 38. Rf7 Ne8 39.
Nf5 1-0

[Event "ch-Commonwealth"]
[Site "Mumbai IND"]
[Date "2004.01.10"]
[Round "1"]
[White "Smirnov,P"]
[Black "Singh,G"]
[Result "1-0"]
[WhiteElo "2609"]
[BlackElo "2360"]
[EventDate "2004.01.10"]

1. e4 e6 2. d4 d5 3. Nc3 Bb4 4. e5 c5 5. a3 Bxc3+ 6. bxc3 Qc7 7. Qg4 f5 8.
Qg3 cxd4 9. cxd4 Ne7 10. Ne2 O-O 11. c3 b6 12. Nf4 Qd7 13. a4 Ba6 14. Bb5
Nec6 15. h4 Bxb5 16. axb5 Na5 17. h5 Nb3 18. h6 g6 19. Nxg6 hxg6 20. Qxg6+
Kh8 21. Bg5 1-0

[Event "ch-Commonwealth"]
[Site "Mumbai IND"]
[Date "2004.01.10"]
[Round "1"]
[White "Poobesh Anand,S"]
[Black "Harikrishna,P"]
[Result "0-1"]
[WhiteElo "2360"]
[BlackElo "2582"]
[EventDate "2004.01.10"]

1. d4 e6 2. c4 b6 3. Nc3 Bb7 4. e3 Nf6 5. Nf3 Bb4 6. Bd2 O-O 7. Bd3 d5 8.
cxd5 exd5 9. O-O a6 10. Ne2 Bd6 11. Ng3 Re8 12. Rc1 Nbd7 13. a3 a5 14. Bb5
g6 15. Ne1 Ne4 16. Nxe4 dxe4 17. f4 Rf8 18. Qa4 Nf6 19. Bc6 Bxc6 20. Qxc6
Qe8 21. Qxe8 Rfxe8 22. Nc2 Nd5 23. Kf2 f6 24. Ke2 Kf7 25. Na1 Ke6 26. Be1
a4 27. Nc2 f5 28. Nb4 Bxb4 29. Bxb4 Kd7 30. Bd2 Re6 31. h3 Rc6 32. g4 Rxc1
33. Rxc1 fxg4 34. hxg4 h5 35. Rg1 Rh8 36. Be1 hxg4 37. Rxg4 Ne7 38. Rg2 Rh6
39. Bf2 Ke6 40. Rg1 Kd5 41. Rg5+ Nf5 42. Rg1 Nd6 43. Be1 Kc4 44. Rg2 Nf5
45. Kd2 Kb3 46. Ke2 Kxb2 47. Bb4 Rh3 48. Kd1+ Kb3 49. Rxg6 Nxe3+ 0-1

[Event "ch-Commonwealth"]
[Site "Mumbai IND"]
[Date "2004.01.10"]
[Round "1"]
[White "Fominyh,A"]
[Black "Gluckman,D"]
[Result "1-0"]
[WhiteElo "2559"]
[BlackElo "2356"]
[EventDate "2004.01.10"]

1. d4 e6 2. Nf3 f5 3. Bg5 Be7 4. Bxe7 Qxe7 5. Nc3 Nf6 6. g3 d5 7. Bg2 O-O
8. O-O Bd7 9. e3 Be8 10. Ne2 Bh5 11. c4 c6 12. Qc2 Ne4 13. Rfd1 Nd7 14. Ne1
g5 15. f3 Nd6 16. b3 dxc4 17. bxc4 e5 18. c5 Nf7 19. Rab1 b6 20. cxb6 Nxb6
21. Rb3 Rad8 22. Qxc6 Rd6 23. Qc2 f4 24. gxf4 gxf4 25. exf4 exd4 26. Ng3
Re8 27. Qf2 Rd5 28. Nc2 Bg6 29. f5 Bxf5 30. Nxf5 Rxf5 31. Nxd4 Rf4 32. Rc3
Qf6 33. Rc6 Qg5 34. Re1 Nd8 35. Rxe8+ 1-0

[Event "ch-Commonwealth"]
[Site "Mumbai IND"]
[Date "2004.01.10"]
[Round "1"]
[White "Sengupta,D"]
[Black "Ganguly,S"]
[Result "0-1"]
[WhiteElo "2349"]
[BlackElo "2541"]
[EventDate "2004.01.10"]

1. e4 e5 2. Nf3 Nc6 3. Bb5 Nf6 4. O-O Nxe4 5. d4 Nd6 6. Bxc6 dxc6 7. dxe5
Nf5 8. Qxd8+ Kxd8 9. b3 Bd7 10. Bb2 Kc8 11. Nbd2 Be7 12. Ne4 a5 13. a4 c5
14. Rfe1 Ra6 15. Ba3 Rg6 16. Bxc5 Bxc5 17. Nxc5 Bc6 18. Ne4 Rg4 19. Ng3
Bxf3 20. gxf3 Rf4 21. Nxf5 Rxf5 22. Re3 Re8 23. Rae1 Re6 24. Kf1 b6 25. c3
Rh6 26. Ke2 Rxh2 27. Rg1 g6 28. Re4 Rh3 29. Rg3 Rh1 30. f4 Ra1 31. Rh3 h5
32. c4 Ra2+ 33. Ke1 Rb2 34. c5 bxc5 35. Rc4 f6 36. Rhc3 fxe5 37. Rxc5 exf4
38. Rxc7+ Kd8 39. Rg7 f3 40. Rd3+ Ke8 41. Re3+ Kf8 42. Rxg6 Rb1+ 43. Kd2
Rf1 44. Kd3 Rxf2 45. Rg3 Rf1 46. Ke4 Rf7 47. b4 axb4 48. a5 f2 49. Rgf3 Ra1
50. Rxf7+ Kxf7 51. Rf3+ Ke6 52. Rxf2 Rxa5 53. Rb2 Rg5 54. Kf3 Rb5 55. Ke4
b3 56. Ke3 Kf5 57. Kf3 h4 58. Ke3 h3 59. Kf3 Rb4 0-1

[Event "ch-Commonwealth"]
[Site "Mumbai IND"]
[Date "2004.01.10"]
[Round "1"]
[White "Safin,S"]
[Black "Palit,S"]
[Result "1/2-1/2"]
[WhiteElo "2528"]
[BlackElo "2348"]
[EventDate "2004.01.10"]

1. d4 Nf6 2. c4 g6 3. f3 d5 4. cxd5 Nxd5 5. e4 Nb6 6. Nc3 Bg7 7. Be3 O-O 8.
Qd2 Nc6 9. O-O-O e5 10. d5 Nd4 11. f4 c5 12. fxe5 Bg4 13. Re1 Bxe5 14. h3
Bd7 15. Nf3 Nxf3 16. gxf3 Na4 17. Nxa4 Bxa4 18. f4 Bc7 19. Qf2 Ba5 20. Re2
f5 21. Bg2 fxe4 22. Bxe4 Bb5 23. Rc2 Re8 24. Rxc5 Rxe4 25. Rxb5 Rc8+ 26.
Kb1 a6 27. Rb3 Qxd5 28. Rg1 Rec4 29. Qe2 Rd8 30. Bc1 Qf5+ 31. Ka1 Rdc8 32.
Be3 b5 33. a3 Bc7 34. Qg4 Rf8 35. Qg2 Bxf4 36. Bxf4 Rxf4 37. Rc3 Rf2 38.
Qc6 Rf1+ 39. Rxf1 Qxf1+ 40. Rc1 Qf6 41. Qd5+ Qf7 42. Qc6 Qf6 43. Qd5+ Kh8
44. Rc6 Qf1+ 45. Ka2 Rf6 46. Qe5 Kg7 47. h4 Qf4 48. Rc7+ Kh6 49. Qe7 Kh5
50. Qxh7+ Kg4 51. Rc3 Qf5 52. Qb7 Qe6+ 53. Rb3 Kxh4 54. Qh1+ Kg5 55. Qc1+
Rf4 56. Qd1 Re4 57. Qd3 Kf6 58. Qf3+ Kg7 59. Qc3+ Kf7 60. Qc7+ Kg8 61. Qb8+
Kg7 62. Qc7+ Qf7 63. Qc3+ Qf6 64. Qd3 Rd4 65. Qe3 g5 66. Rc3 Qf7+ 67. b3
Rf4 68. Qe5+ Kg6 69. Rc6+ Rf6 70. Qe4+ Kh6 71. Qh1+ Kg7 72. Qa1 Qe7 73. Qb2
Kf7 74. Rc2 Kg6 75. Re2 Re6 76. Qc2+ Kg7 77. Qc3+ Kg8 78. Qc8+ Kf7 79. Rf2+
Rf6 80. Rc2 Kg6 81. Qg8+ Qg7 82. Qe8+ Qf7 83. Qe4+ Kg7 84. Qe5 Kg6 85. Qe4+
Kg7 86. Qe5 Kh6 87. Rh2+ Kg6 88. Qe4+ Rf5 89. Rf2 Qd7 90. Rc2 Kg7 91. Qe3
Rd5 92. Qg3 Kg6 93. Qe3 g4 94. Qe4+ Qf5 95. Rc6+ Kf7 96. Rc7+ Kg6 97. Rc6+
Kf7 98. Rc7+ Kg6 99. Rc6+ Kf7 100. Rc7+ Kg6 1/2-1/2

[Event "ch-Commonwealth"]
[Site "Mumbai IND"]
[Date "2004.01.10"]
[Round "1"]
[White "Vakhidov,T"]
[Black "Prathamesh,S"]
[Result "1/2-1/2"]
[WhiteElo "2515"]
[BlackElo "2343"]
[EventDate "2004.01.10"]

1. c4 c5 2. Nc3 Nc6 3. g3 g6 4. Bg2 Bg7 5. d3 d6 6. a3 e6 7. e4 Nge7 8.
Nge2 O-O 9. O-O Rb8 10. Rb1 b6 11. b4 Bb7 12. Bg5 Nd4 13. Qd2 Qd7 14. Nxd4
cxd4 15. Ne2 e5 16. b5 f5 17. f3 Kh8 18. g4 fxg4 19. fxg4 Ng8 1/2-1/2

[Event "ch-Commonwealth"]
[Site "Mumbai IND"]
[Date "2004.01.10"]
[Round "1"]
[White "Deshmukh,A"]
[Black "Kunte,A"]
[Result "1/2-1/2"]
[WhiteElo "2340"]
[BlackElo "2512"]
[EventDate "2004.01.10"]

1. c4 Nf6 2. g3 e6 3. Bg2 d5 4. Nf3 Be7 5. O-O O-O 6. d4 c6 7. Qc2 Nbd7 8.
Nbd2 b6 9. e4 Bb7 10. e5 Ne8 11. Re1 Nc7 12. b3 Rc8 13. Bb2 c5 14. Rad1 Qe8
15. h4 h6 16. Nf1 b5 17. Ne3 bxc4 18. bxc4 Nb6 19. Nh2 Qa4 20. Qe2 Rfd8 21.
Nhg4 Ne8 22. dxc5 Bxc5 1/2-1/2

[Event "ch-Commonwealth"]
[Site "Mumbai IND"]
[Date "2004.01.10"]
[Round "1"]
[White "Ramesh,R"]
[Black "Sivanandan,B"]
[Result "1/2-1/2"]
[WhiteElo "2506"]
[BlackElo "2340"]
[EventDate "2004.01.10"]

1. e4 e6 2. d4 d5 3. Nd2 Nf6 4. e5 Nfd7 5. Bd3 c5 6. c3 Nc6 7. Ngf3 cxd4 8.
cxd4 Be7 9. O-O f5 10. exf6 Nxf6 11. b3 O-O 12. Bb2 Nh5 13. g3 g6 14. Ne5
Nxe5 15. dxe5 Bd7 16. Qg4 Rc8 17. Nf3 Ng7 18. Kg2 Qb6 19. Nd4 Qa5 20. Qe2
Ba3 21. Bxa3 Qxa3 22. Rad1 a6 23. h4 Qb4 24. Qe3 Rc3 25. Qh6 Rf7 26. Bb1
Bb5 27. Nxb5 axb5 28. Rc1 Nh5 29. Qg5 Kg7 30. Rcd1 Rcf3 31. Rd3 Qe4 32.
Rxf3 Qxf3+ 33. Kg1 Qe2 34. a3 d4 35. Qc1 Qxe5 36. Re1 Qf6 37. Qd2 e5 38.
Bd3 Qf3 39. Qe2 Qxe2 40. Rxe2 Re7 41. Bxb5 e4 42. Kf1 Nf6 43. Rd2 Re5 44.
a4 Rd5 45. Ke2 Ng4 46. f3 e3 47. Rc2 Ne5 48. Rc7+ Kf6 49. Bd3 Nxd3 50. Kxd3
Re5 51. Rc2 Rd5 52. b4 b6 53. Rc6+ Kg7 54. Re6 Kf7 55. Re4 h5 56. a5 bxa5
57. bxa5 Kf6 58. a6 Rd7 59. Re8 Ra7 60. Kxd4 Rxa6 61. Kxe3 Ra2 62. Kf4 Ra4+
63. Re4 Ra3 64. Rb4 Ra6 65. Ke4 Re6+ 66. Kd3 Re1 67. Rb6+ Kf5 68. Rb5+ Kf6
69. Kd2 Rg1 70. Rg5 Ra1 71. f4 Ra2+ 72. Ke3 Ra3+ 73. Ke4 Ra4+ 74. Kd5 Ra5+
75. Kd6 Ra6+ 76. Kc5 Ra5+ 77. Kd4 Ra4+ 78. Ke3 Ra3+ 79. Kf2 Ra2+ 80. Kg1
Ra3 81. Kg2 Ra2+ 82. Kh3 Rf2 1/2-1/2

[Event "ch-Commonwealth"]
[Site "Mumbai IND"]
[Date "2004.01.10"]
[Round "1"]
[White "Babu,NS"]
[Black "Dzhumaev,M"]
[Result "1-0"]
[WhiteElo "2339"]
[BlackElo "2498"]
[EventDate "2004.01.10"]

1. d4 f5 2. g3 Nf6 3. Bg2 g6 4. c4 d6 5. Nf3 Bg7 6. O-O O-O 7. Nc3 Qe8 8.
d5 Na6 9. Nd4 Bd7 10. e4 fxe4 11. Nxe4 Nxe4 12. Bxe4 c6 13. Rb1 Rc8 14. Be3
Nc7 15. Qd2 c5 16. Ne2 b5 17. b3 Bf5 18. Bxf5 Rxf5 19. Nf4 Qd7 20. Rfe1 Rb8
21. Qc2 Rff8 22. Bd2 Bd4 23. Be3 Be5 24. Ng2 Bg7 25. Nf4 a6 26. Bd2 Bd4 27.
Be3 Be5 28. Bd2 Rf7 29. Ng2 Qg4 30. f4 Bd4+ 31. Be3 Bf6 32. Bf2 Qd7 33. Qe4
Rff8 34. Ne3 1-0

[Event "ch-Commonwealth"]
[Site "Mumbai IND"]
[Date "2004.01.10"]
[Round "1"]
[White "Feldman,V"]
[Black "Mohota,N"]
[Result "1/2-1/2"]
[WhiteElo "2322"]
[BlackElo "2337"]
[EventDate "2004.01.10"]

1. d4 d5 2. c4 e6 3. Nc3 Be7 4. cxd5 exd5 5. Nf3 Nf6 6. Bg5 c6 7. Qc2 g6 8.
e3 Bf5 9. Bd3 Bxd3 10. Qxd3 Nbd7 11. O-O O-O 12. Bxf6 Nxf6 13. Ne5 Nd7 14.
f4 Nxe5 15. fxe5 f6 16. exf6 Bxf6 17. Rf3 Qd6 18. Raf1 Bg7 19. a3 Rxf3 20.
Rxf3 Rf8 21. Rxf8+ Qxf8 22. Qf1 1/2-1/2

[Event "ch-Commonwealth"]
[Site "Mumbai IND"]
[Date "2004.01.10"]
[Round "1"]
[White "Thipsay,P"]
[Black "Srinivasa Rao,M"]
[Result "1/2-1/2"]
[WhiteElo "2486"]
[BlackElo "2335"]
[EventDate "2004.01.10"]

1. e4 c5 2. Nf3 d6 3. d4 cxd4 4. Nxd4 Nf6 5. Nc3 a6 6. Be2 e5 7. Nb3 Be7 8.
Bg5 Nbd7 9. a4 b6 10. O-O Bb7 11. f3 O-O 12. Bc4 Qc7 13. Qe2 Rfc8 14. Nd2
d5 15. exd5 Bb4 16. Bxf6 Bxc3 17. bxc3 Nxf6 18. Rfe1 Bxd5 19. Bxd5 Nxd5 20.
Qxe5 1/2-1/2

[Event "ch-Commonwealth"]
[Site "Mumbai IND"]
[Date "2004.01.10"]
[Round "1"]
[White "Gokhale,J"]
[Black "Iskusnyh,S"]
[Result "0-1"]
[WhiteElo "2308"]
[BlackElo "2482"]
[EventDate "2004.01.10"]

1. d4 d5 2. c4 c6 3. Nf3 Nf6 4. e3 a6 5. Nc3 e6 6. Bd3 dxc4 7. Bxc4 b5 8.
Bd3 c5 9. O-O Bb7 10. Qe2 Nbd7 11. Rd1 Qc7 12. a3 Be7 13. Bd2 O-O 14. Rac1
Rac8 15. b4 c4 16. Bb1 e5 17. e4 exd4 18. Nxd4 Rfe8 19. f3 g6 20. Be3 Bf8
21. Qf2 Qb8 22. h3 Ne5 23. Nde2 Ba8 24. Bc2 Rcd8 25. Nd4 Bg7 26. Rb1 Nc6
27. a4 Nxd4 28. Bxd4 Nh5 29. Bxg7 Kxg7 30. axb5 axb5 31. Ne2 Nf4 32. Nxf4
Qxf4 33. Rd4 Rd6 34. Rxd6 Qxd6 35. Qe3 Bc6 36. Qc3+ Qf6 37. Qxf6+ Kxf6 38.
Rd1 Ke5 39. Kf2 Ra8 40. Ke2 Ra2 41. Kd2 Kd4 42. Rb1 g5 43. g4 Bd7 0-1

[Event "ch-Commonwealth"]
[Site "Mumbai IND"]
[Date "2004.01.10"]
[Round "1"]
[White "Saptarshi,R"]
[Black "Neelotpal,D"]
[Result "1/2-1/2"]
[WhiteElo "2329"]
[BlackElo "2461"]
[EventDate "2004.01.10"]

1. e4 e5 2. Nf3 Nc6 3. c3 d6 4. d4 Bg4 5. Be3 Nf6 6. Nbd2 g6 7. Qb3 exd4 8.
cxd4 Bg7 9. Qxb7 Bd7 10. Qb3 Rb8 11. Qc3 O-O 12. a3 Ng4 13. Bc4 Ne7 14. Bf4
c5 15. Bxd6 cxd4 16. Qd3 Rxb2 17. h3 Nf6 18. Bc5 Nh5 19. Bxd4 Nf4 20. Qc3
Bxd4 21. Qxd4 Rc2 22. g3 Be6 23. Bxe6 Nxe6 24. Qe3 Qa5 25. O-O Re8 26. Nb3
Qa4 27. Rfe1 1/2-1/2

[Event "ch-Commonwealth"]
[Site "Mumbai IND"]
[Date "2004.01.10"]
[Round "1"]
[White "Sriram,J"]
[Black "Meenakshi,S"]
[Result "1/2-1/2"]
[WhiteElo "2450"]
[BlackElo "2328"]
[EventDate "2004.01.10"]

1. d4 d5 2. c4 c6 3. Nc3 Nf6 4. e3 g6 5. Nf3 Bg7 6. Be2 O-O 7. O-O Be6 8.
cxd5 cxd5 9. Qb3 Qb6 10. Bd2 Nc6 11. Rfc1 Qxb3 12. axb3 Rfc8 13. Na4 Ne4
14. Be1 Nd8 15. Nc3 a6 16. b4 Nxc3 17. Bxc3 Bg4 18. h3 Bxf3 19. Bxf3 e6 20.
Be2 Nc6 21. b5 axb5 22. Bxb5 Bf8 23. Bd2 Rxa1 24. Rxa1 Bd6 25. Bc3 Kf8 26.
Kf1 Ke7 27. Ke2 Kd7 28. f3 Kc7 29. e4 Kb6 30. Bd3 Bb4 31. Ra4 Bf8 32. e5
Bg7 33. f4 Kc7 34. g4 Rb8 35. Bb5 Kb6 36. Bd3 Kc7 37. Bb5 Kb6 1/2-1/2

[Event "ch-Commonwealth"]
[Site "Mumbai IND"]
[Date "2004.01.10"]
[Round "1"]
[White "Vijayalakshmi,S"]
[Black "Visweswaran,K"]
[Result "1-0"]
[WhiteElo "2444"]
[BlackElo "2325"]
[EventDate "2004.01.10"]

1. Nf3 Nf6 2. g3 d5 3. Bg2 Bf5 4. O-O e6 5. d3 h6 6. Nbd2 Be7 7. b3 a5 8.
a3 O-O 9. Bb2 Nbd7 10. Re1 Bh7 11. e4 c6 12. Qe2 b5 13. Red1 Qb6 14. c3
Rfd8 15. Rab1 Nc5 16. Ne1 dxe4 17. dxe4 Nfd7 18. c4 b4 19. axb4 axb4 20.
Ra1 Bf6 21. e5 Bg5 22. Rxa8 Rxa8 23. Bd4 Ra2 24. f4 Be7 25. Qf3 Ra6 26. Qe3
Qc7 27. Ne4 Nb7 28. Nd3 Ra3 29. Nc1 Na5 30. Rd3 Nb7 31. Kh1 Bg6 32. Bb2
Ndc5 33. Rd1 Ra8 34. Nxc5 Nxc5 35. Bd4 Rd8 36. Rf1 Nd7 37. g4 Bh7 38. Ne2
Ra8 39. Ng3 Ra2 40. Rf2 Ra3 41. Ne4 Qa5 42. Nd2 Qa6 43. f5 Bg5 44. Qf3 exf5
45. gxf5 Ra5 46. e6 Rxf5 47. exd7 Rxf3 48. Nxf3 Qb7 49. Ra2 Bd8 50. Ne5 f6
51. Nxc6 Qxd7 52. Bd5+ 1-0

[Event "ch-Commonwealth"]
[Site "Mumbai IND"]
[Date "2004.01.10"]
[Round "1"]
[White "Lim Yee Weng"]
[Black "Sundararajan,K"]
[Result "1/2-1/2"]
[WhiteElo "2311"]
[BlackElo "2437"]
[EventDate "2004.01.10"]

1. e4 c6 2. c4 d5 3. exd5 cxd5 4. cxd5 Nf6 5. Nc3 Nxd5 6. Nf3 e6 7. Bc4 Be7
8. O-O Nc6 9. d4 O-O 10. Re1 a6 11. Bd3 Nf6 12. a3 b5 13. Bc2 Bb7 14. Qd3
g6 15. Bh6 Re8 16. Bb3 b4 17. axb4 Nxb4 18. Qe2 Bxf3 19. Qxf3 Qxd4 20. Ne4
Nxe4 21. Rxe4 Qxb2 22. Rae1 Bf8 23. R1e2 Qa1+ 24. Re1 Qb2 25. R1e2 1/2-1/2

[Event "ch-Commonwealth"]
[Site "Mumbai IND"]
[Date "2004.01.10"]
[Round "1"]
[White "Murshed,N"]
[Black "Tilak,S"]
[Result "1/2-1/2"]
[WhiteElo "2436"]
[BlackElo "2310"]
[EventDate "2004.01.10"]

1. d4 Nf6 2. Nf3 g6 3. Nc3 d5 4. Bf4 Bg7 5. Qd2 c6 6. e3 O-O 7. h4 Bf5 8.
Ne5 Nfd7 9. h5 Nxe5 10. Bxe5 f6 11. Bxb8 Qxb8 12. Bd3 Bxd3 13. Qxd3 f5 14.
hxg6 hxg6 15. f4 e6 16. Ne2 Qd6 17. O-O-O Rac8 18. Kb1 c5 19. c3 c4 20. Qd2
b5 21. Ng1 b4 22. Nf3 Rc6 23. Ne5 Rb6 24. cxb4 Rxb4 25. Rc1 Rf6 26. Rc2 Ra4
27. g4 Qa6 28. Qh2 Rxa2 29. Qh7+ Kf8 30. Nd7+ Ke8 1/2-1/2

[Event "ch-Commonwealth"]
[Site "Mumbai IND"]
[Date "2004.01.10"]
[Round "1"]
[White "Rathnakaran,K"]
[Black "Lodhi,M"]
[Result "1-0"]
[WhiteElo "2309"]
[BlackElo "2395"]
[EventDate "2004.01.10"]

1. e4 e5 2. Nf3 Nc6 3. Bc4 Bc5 4. c3 d6 5. d3 Nf6 6. h3 h6 7. Be3 Bb6 8.
Bxb6 axb6 9. Nbd2 Be6 10. Bb5 O-O 11. O-O Ra5 12. a4 Ne7 13. d4 Ng6 14. Re1
Qe7 15. Bf1 Rfa8 16. b3 Nh7 17. Rc1 Ng5 18. Nxg5 hxg5 19. g3 f6 20. Nc4
R5a7 21. Ne3 Kf7 22. Nf5 Qd7 23. dxe5 Nxe5 24. f4 gxf4 25. gxf4 Ng6 26. Qg4
Rh8 27. Rc2 Rh7 28. Qg3 Bxf5 29. exf5 Nh4 30. Bd3 Kf8 31. Re6 Ra8 32. Rce2
Qc6 33. Bc4 Qc5+ 34. Kf1 d5 35. Bb5 Kf7 36. b4 Qf8 37. Re8 Rxe8 38. Bxe8+
Qxe8 39. Rxe8 Kxe8 40. Qe3+ Kd8 41. Qe6 Rh8 42. Qxd5+ Kc8 43. Qf7 Rd8 44.
Qxg7 Nxf5 45. Qg4 Rd5 46. Qg8+ 1-0

[Event "ch-Commonwealth"]
[Site "Mumbai IND"]
[Date "2004.01.10"]
[Round "1"]
[White "Swathi,G"]
[Black "Roy Chowdhury,S"]
[Result "1/2-1/2"]
[WhiteElo "2297"]
[BlackElo "2400"]
[EventDate "2004.01.10"]

1. e4 c5 2. Nf3 Nc6 3. d4 cxd4 4. Nxd4 g6 5. c4 Bg7 6. Be3 Nf6 7. Nc3 O-O
8. Be2 b6 9. O-O Bb7 10. f3 Qb8 11. Qd2 Rd8 12. Rfd1 d6 13. Rac1 Rd7 14.
Bf1 Qf8 15. b3 Rad8 16. Qf2 e6 17. Qh4 Ne8 18. Ncb5 Bf6 19. Qf2 Qe7 20.
Nxc6 Bxc6 21. Nd4 Ba8 22. b4 Nc7 23. a3 Bg5 24. Nb3 Bxe3 25. Qxe3 Bc6 26.
Nd4 Ba8 27. Nb3 Bc6 28. Nd4 1/2-1/2

[Event "ch-Commonwealth"]
[Site "Mumbai IND"]
[Date "2004.01.10"]
[Round "1"]
[White "Prasad,D"]
[Black "Singh,Ri"]
[Result "1/2-1/2"]
[WhiteElo "2395"]
[BlackElo "2285"]
[EventDate "2004.01.10"]

1. e4 e5 2. Nf3 Nc6 3. Bb5 a6 4. Ba4 Nf6 5. O-O Be7 6. Re1 b5 7. Bb3 d6 8.
c3 Nb8 9. d4 Nbd7 10. a4 Bb7 11. Nbd2 O-O 12. Bc2 Re8 13. Nf1 Bf8 14. Ng3
g6 15. Bd3 c6 16. Bg5 Qb6 17. Qd2 c5 18. d5 c4 19. Bc2 Bg7 20. h3 Nc5 21.
Ra3 Nfd7 22. Rea1 Qc7 23. Be3 Nb6 24. axb5 axb5 25. Qc1 Nbd7 26. Nd2 Rxa3
27. Rxa3 Ra8 28. Rxa8+ Bxa8 29. Qa1 Bb7 30. Qa3 Bf6 31. Ne2 Bd8 32. Nc1
1/2-1/2

[Event "ch-Commonwealth"]
[Site "Mumbai IND"]
[Date "2004.01.10"]
[Round "1"]
[White "Berezina,I"]
[Black "Gupta,Ab"]
[Result "0-1"]
[WhiteElo "2281"]
[BlackElo "2392"]
[EventDate "2004.01.10"]

1. d4 Nf6 2. Nf3 e6 3. c4 Nc6 4. e3 d6 5. Nc3 g6 6. e4 Bg7 7. Be2 O-O 8.
O-O Re8 9. Be3 e5 10. dxe5 Nxe5 11. h3 Bd7 12. Ne1 Bc6 13. Qc2 Ned7 14. Bd3
Ne5 15. Be2 a5 16. Rd1 Ned7 17. Bd3 a4 18. Nf3 b6 19. Nd4 Bb7 20. f3 Nc5
21. Ndb5 Nfd7 22. Be2 Qc8 23. Bf2 Be5 24. Bh4 Qb8 25. Nd4 Bf6 26. Bf2 Qd8
27. Ndb5 Be5 28. Rfe1 Nf8 29. Nd4 h5 30. Bf1 h4 31. Nd5 c6 32. Ne3 Qe7 33.
Ng4 Rad8 34. Qd2 Bg7 35. Be3 Nh7 36. Qc2 Rd7 37. Re2 Rc7 38. Bf2 Bc8 39.
Red2 Bxg4 40. hxg4 Bh6 41. Re2 Bf4 42. Rde1 Nf8 43. Nf5 Qe6 44. Nxh4 Qf6
45. g3 Bg5 46. Bg2 Nfe6 47. e5 dxe5 48. Rxe5 Rd8 49. Bxc5 bxc5 50. Qxa4 Kg7
51. R5e2 Bxh4 52. gxh4 Nf4 53. Qc2 Nxe2+ 54. Qxe2 Rb7 55. Rb1 Rdb8 56. b4
cxb4 57. a4 c5 58. f4 Re7 59. Qf2 b3 60. h5 b2 61. Qxc5 Re2 62. h6+ Kh7 63.
Qc7 Rbe8 64. Kf1 Re1+ 0-1

[Event "ch-Commonwealth"]
[Site "Mumbai IND"]
[Date "2004.01.10"]
[Round "1"]
[White "Venkatesh,M"]
[Black "Ramaswamy,A"]
[Result "1-0"]
[WhiteElo "2392"]
[BlackElo "2280"]
[EventDate "2004.01.10"]

1. e4 c5 2. Nf3 Nc6 3. d4 cxd4 4. Nxd4 Nf6 5. Nc3 d6 6. Bg5 e6 7. Qd2 Qb6
8. O-O-O Nxd4 9. Qxd4 Qxd4 10. Rxd4 a6 11. f3 Bd7 12. Na4 Bc6 13. Nb6 Rd8
14. Nc4 Be7 15. Na5 Rc8 16. Rb4 Kd7 17. Nxc6 Kxc6 18. Rb3 Rc7 19. Bd2 b5
20. Kb1 Rb8 21. c4 Rcb7 22. cxb5+ axb5 23. Be2 Kd7 24. Rd1 Ke8 25. Bf4 e5
26. Be3 Kf8 27. g4 Nd7 28. Rc3 Nc5 29. b4 Na4 30. Rc6 d5 31. exd5 Bxb4 32.
Kc2 Ra8 33. d6 Ke8 34. Kb3 Nc3 35. Rxc3 Bxc3 36. Kxc3 Ra3+ 37. Kd2 Rxa2+
38. Ke1 Kd7 39. f4 b4 40. g5 b3 41. Bg4+ Kd8 42. Rc1 Rc2 43. Rxc2 bxc2 44.
Kd2 Rb3 45. Bf2 exf4 46. Kxc2 Rb5 47. Bd4 f3 1-0

[Event "ch-Commonwealth"]
[Site "Mumbai IND"]
[Date "2004.01.10"]
[Round "1"]
[White "Sahu,S"]
[Black "Deepan,C"]
[Result "1-0"]
[WhiteElo "2277"]
[BlackElo "2388"]
[EventDate "2004.01.10"]

1. b3 e5 2. Bb2 Nc6 3. e3 d5 4. Bb5 Bd6 5. Nf3 Qe7 6. c4 a6 7. Bxc6+ bxc6
8. c5 Bxc5 9. Nxe5 Nf6 10. O-O Bb7 11. Qc2 O-O 12. Rc1 Bd6 13. Nxc6 Bxc6
14. Qxc6 Ng4 15. h3 Nf6 16. d3 Rab8 17. Nd2 Rb6 18. Bxf6 Qe6 19. Qc3 Bb4
20. Qb2 Qxf6 21. Qxf6 Rxf6 22. Nf3 Bd6 23. Kf1 Ra8 24. Rc6 Kf8 25. Rac1 Ke7
26. R1c2 Kd7 27. e4 dxe4 28. dxe4 Re6 29. e5 Bxe5 30. Nxe5+ Rxe5 31. Rxc7+
Ke8 32. Re2 Rxe2 33. Kxe2 Rd8 34. Rc3 Rd6 35. Re3+ Kf8 36. Rd3 Rf6 37. Re3
g6 38. Ke1 h5 39. Re2 Rd6 40. Rd2 Rc6 41. Kd1 Ke7 42. Rc2 Rf6 43. Rd2 Rc6
44. Rd4 Ke6 45. Kd2 Ke5 46. Ra4 Rd6+ 47. Ke3 Kf6 48. Rf4+ Kg7 49. Rd4 Re6+
50. Kd3 Rf6 51. Ke3 Re6+ 52. Re4 Rd6 53. Re5 h4 54. Re4 g5 55. f4 f6 56.
fxg5 fxg5 57. Rd4 Re6+ 58. Kd3 Kg6 59. b4 Re1 60. a4 Rd1+ 61. Kc4 Ra1 62.
a5 Ra2 63. Rg4 Rc2+ 64. Kb3 Rf2 65. b5 axb5 66. Kb4 Rb2+ 67. Kc5 b4 68. a6
Ra2 69. Kb6 b3 70. a7 1-0

[Event "ch-Commonwealth"]
[Site "Mumbai IND"]
[Date "2004.01.10"]
[Round "1"]
[White "Shetty,R"]
[Black "Yogesh,G"]
[Result "1/2-1/2"]
[WhiteElo "2382"]
[BlackElo "2268"]
[EventDate "2004.01.10"]

1. e4 d6 2. d4 Nf6 3. f3 Nbd7 4. g4 e5 5. g5 Nh5 6. Ne2 Be7 7. Rg1 O-O 8.
Be3 f5 9. gxf6 Bxf6 10. d5 Bh4+ 11. Ng3 Qf6 12. Nd2 Rf7 13. c4 a5 14. Qc2
Nc5 15. O-O-O Nf4 16. Kb1 a4 17. Nh1 Bd7 18. Nf2 a3 19. b3 Bxf2 20. Bxf2 c6
21. Qc3 Na6 22. b4 c5 23. b5 Nb4 24. Nb3 b6 25. Na1 Rff8 26. Qb3 Be8 27.
Be1 1/2-1/2

[Event "ch-Commonwealth"]
[Site "Mumbai IND"]
[Date "2004.01.10"]
[Round "1"]
[White "Satyapragyan,S"]
[Black "Sai,Sr"]
[Result "1/2-1/2"]
[WhiteElo "2369"]
[BlackElo "2264"]
[EventDate "2004.01.10"]

1. e4 c5 2. Nf3 d6 3. d4 cxd4 4. Nxd4 Nf6 5. Nc3 Nc6 6. Bc4 Qb6 7. Nb3 e6
8. O-O a6 9. Kh1 Be7 10. f4 Qc7 11. Bd3 b5 12. Qf3 Bb7 13. Bd2 Rc8 14. Rae1
O-O 15. Qh3 g6 16. Nd1 d5 17. e5 Ne4 18. Bxe4 dxe4 19. Nf2 Nb4 20. Bxb4
Bxb4 21. c3 Be7 22. Nxe4 Bxe4 23. Rxe4 Rfd8 24. Qf3 a5 25. Re2 b4 26. cxb4
axb4 27. g4 Qc6 28. Qxc6 Rxc6 29. Kg2 Kf8 30. Kf3 Ke8 31. Nc1 Rc4 32. Nb3
g5 33. Kg2 gxf4 34. h3 Bg5 35. Na5 Rc7 36. h4 Bxh4 37. Rxf4 Ra8 38. Nc4
Rxa2 39. Nd6+ Kf8 40. Rxb4 Ra8 41. Rc4 Rxc4 42. Nxc4 Be7 43. Kf3 Rb8 44.
Ke4 Bc5 45. Rc2 Rb4 46. Kd3 Kg7 47. Kc3 Rb8 48. b3 Kg6 49. Rc1 Bb4+ 1/2-1/2

[Event "ch-Commonwealth"]
[Site "Mumbai IND"]
[Date "2004.01.10"]
[Round "1"]
[White "Nikhilesh,K"]
[Black "Koshy,V"]
[Result "1/2-1/2"]
[WhiteElo "2261"]
[BlackElo "2374"]
[EventDate "2004.01.10"]

1. e4 d6 2. d4 g6 3. Be3 Bg7 4. Nc3 c6 5. Qd2 Nd7 6. Nf3 Qa5 7. Be2 Ngf6 8.
O-O O-O 9. a4 Qc7 10. a5 Rb8 11. e5 Nd5 12. Nxd5 cxd5 13. exd6 exd6 14. Bg5
Nf6 15. Bxf6 Bxf6 16. Bd3 Kg7 17. c3 a6 18. Rfe1 Bd7 19. h3 1/2-1/2

[Event "ch-Commonwealth"]
[Site "Mumbai IND"]
[Date "2004.01.10"]
[Round "1"]
[White "Sareen,V"]
[Black "Thipsay,B"]
[Result "1/2-1/2"]
[WhiteElo "2371"]
[BlackElo "2231"]
[EventDate "2004.01.10"]

1. e4 c6 2. d4 d5 3. e5 Bf5 4. Be3 h5 5. Nd2 e6 6. c3 Nd7 7. Be2 h4 8. f4
Be7 9. h3 Nh6 10. Ngf3 Bg6 11. Bf2 Nf5 12. O-O Qc7 13. Rc1 O-O-O 14. b4 Kb8
15. Qb3 Bh5 16. c4 Nf8 17. b5 Ng6 18. cxd5 Nxf4 19. Bd1 Rxd5 20. bxc6 b6
21. Ne4 Bxf3 22. Qxf3 g5 23. Nc3 Ra5 24. a4 a6 25. Bc2 Ng3 26. Bxg3 hxg3
27. Be4 f5 28. exf6 Bxf6 29. Rfd1 Rd8 30. Qxg3 Rxa4 31. Bf3 Raxd4 32. Rxd4
Rxd4 33. Kh1 Rc4 34. Ne2 Rxc1+ 35. Nxc1 Qe5 36. Qf2 Qb2 37. Qe1 Bc3 38. Qe3
Bd2 39. Qe4 Qxc1+ 40. Kh2 Nd5 41. Qe5+ Nc7 42. Qh8+ Ka7 43. Qc8 Bf4+ 44. g3
Bxg3+ 45. Kxg3 Qf4+ 46. Kf2 Qd2+ 47. Kf1 Qd3+ 48. Kf2 Qd4+ 49. Kf1 Qd3+ 50.
Kf2 1/2-1/2